EXCUSE EXCUSES EXCUSES (Record no. 2300)

MARC details
000 -LEADER
fixed length control field 00314nam a2200133Ia 4500
008 - FIXED-LENGTH DATA ELEMENTS--GENERAL INFORMATION
fixed length control field 240624s9999 xx 000 0 und d
041 ## - LANGUAGE CODE
Language code of text/sound track or separate title eng
082 ## - DEWEY DECIMAL CLASSIFICATION NUMBER
Classification number 158.1 DOA
100 ## - MAIN ENTRY--PERSONAL NAME
Personal name DOANE DARRYL S
245 ## - TITLE STATEMENT
Title EXCUSE EXCUSES EXCUSES
260 ## - PUBLICATION, DISTRIBUTION, ETC.
Date of publication, distribution, etc. 2004
Place of publication, distribution, etc. Mumbai
Name of publisher, distributor, etc. Jaico Publishing House
300 ## - PHYSICAL DESCRIPTION
Extent 118
365 ## - TRADE PRICE
Currency code RS
Holdings
Withdrawn status Lost status Damaged status Not for loan Home library Current library Shelving location Date acquired Source of acquisition Cost, normal purchase price Total Holds Full call number Barcode Date last seen Copy number Price effective from Koha item type
        IMTN IMTN Rack 1-B 03/29/2005 WBD 125.00 1076 158.1 DOA 2300 06/24/2024 1 06/24/2024 Books
Designed & Maintained by: LRC IMT Nagpur Contact: lrc@imtnag.ac.in© 2024. All Rights Reserved.